000
00336nam a2200145Ia 4500
100
_a
Resnick/R
942
_c
BK
654
_a
Physics
245
_a
Physics and technology of semiconductor devices
260
_b
John wiley and sons
_a
New York
_c
1967
082
_a
621.38173
_b
PUC/E
300
_a
366
546
_a
ENGLISH
999
_c
31576
_d
31576